Quiz sur le Cantal - Statistiques

Statistiques générales
  • Ce quiz a été pris 516 fois
  • Le résultat moyen est 16 sur 20
Statistiques - réponses
Question Réponse % Correct
Numéro du département 15
99%
Région Auvergne-Rhône-Alpes
98%
Préfecture et plus grande ville Aurillac
96%
Produit alimentaire ayant le même nom que le département. Fromage
92%
Puy-de-Dôme
91%
Corrèze
86%
Départements limitrophes Aveyron
84%
Les massifs du Cantal sont les vestige d'un ancien ... dont le diamètre est de près de 60 km (le plus grand d'Europe). Volcan
84%
Haute-Loire
83%
Massif montagneux qui s'étend sur le département. Massif Central
81%
Saint-Flour
80%
Village du département ayant donné son nom à une race de vache locale. Salers
80%
Lozère
79%
Architecte qui a réalisé le Viaduc de Garabit. Gustave Eiffel
78%
Lot
76%
Gentilé Cantaliens / Cantalous
64%
Sous-préfectures Mauriac
63%
Nombre d'habitants (arrondi à la dizaine de milliers d'habitants) 150 000 (145 143)
55%
Domaine d'activité qui a fait la renommée du village de Chaudes-Aigues. Thermalisme
53%
Le Cantal est le département ayant le plus faible taux de ... . Chômage
40%
Aucun quiz correspondant
Distribution des résultats
% des personnes avec chaque résultat
Percentile par nombre de réponses
Votre historique - résultats
Vous n’avez pas pris ce quiz